| 000 | 00533nam a2200157 a 4500 | ||
|---|---|---|---|
| 001 | 000048293 | ||
| 005 | 20201002061042.0 | ||
| 008 | 181213s2006 dr a r 000 0 spa d | ||
| 020 | _a9945856022 | ||
| 040 |
_aDO-SdBNP _bspa _cBNPHU |
||
| 082 |
_axxxx _bM294 |
||
| 245 | 0 | 0 |
_aManual de capacitación en educación multicultural : _buna propuesta para construir una cultura de paz. |
| 260 |
_aSanto Domingo : _bServicio Jesuita a Refugiados y Migrantes, _c2006. |
||
| 300 |
_a142 p. : _bil. ; _c27 cm. |
||
| 590 | _aInventariado, 2019 / DG | ||
| 999 |
_c47781 _d47781 |
||